FUNDAMENTALS OF WAVES OPTICS AND MODERN PHYSIC (Record no. 579822)

000 -LEADER
fixed length control field 00337nam a22001337a 4500
020 ## - INTERNATIONAL STANDARD BOOK NUMBER
International Standard Book Number 0-07-072521-7
082 ## - DEWEY DECIMAL CLASSIFICATION NUMBER
Classification number 530 YOU'F
100 ## - MAIN ENTRY--PERSONAL NAME
Personal name YOUNG, HUGH D
9 (RLIN) 3959
245 ## - TITLE STATEMENT
Title FUNDAMENTALS OF WAVES OPTICS AND MODERN PHYSIC
260 ## - PUBLICATION, DISTRIBUTION, ETC.
Place of publication, distribution, etc. TOKYO
Name of publisher, distributor, etc. MCGRAW HILL
Date of publication, distribution, etc. 1970
300 ## - PHYSICAL DESCRIPTION
Extent 549P
650 ## - SUBJECT ADDED ENTRY--TOPICAL TERM
Topical term or geographic name entry element OPTICS WAVES PHYSICS
9 (RLIN) 74266
942 ## - ADDED ENTRY ELEMENTS (KOHA)
Koha item type Book
Holdings
Withdrawn status Lost status Damaged status Not for loan Permanent Location Current Location Shelving location Date acquired Total Checkouts Full call number Barcode Date last seen Price effective from Koha item type
        College of Electrical & Mechanical Engineering (CEME) College of Electrical & Mechanical Engineering (CEME) General Stacks 05/03/2017   530 YOU'F CEME-15759 06/28/2021 06/28/2021 Book
© 2023 Central Library, National University of Sciences and Technology. All Rights Reserved.